Slovník socialistického poslanca

Gespeichert in:
Bibliographische Detailangaben
Format: Buch
Sprache:Slowakisch
Veröffentlicht: Bratislava Pravda 1986
Tags: Tag hinzufügen
Keine Tags, Fügen Sie das erste Tag hinzu!

MARC

LEADER 00000nam a2200000 4500
001 c105456
005 20250523074401.2
041 0 |a slo 
044 |a SK 
245 1 0 |a Slovník socialistického poslanca 
264 1 |a Bratislava  |b Pravda  |c 1986 
300 |a 477 s.